000 00559nam a22001937a 4500
999 _c15843
_d15843
003 AR-CdUCM
008 190430b ||||| |||| 00| 0 spa d
040 _aMUNICIPALIDAD PROVINCIAL DEL CUSCO
_cBIBLIOTECA MUNICIPAL DEL CUSCO
082 _aPI / 398 /
_bIN61
110 _aUnicef.
_99438
245 _aIntipa Yachaynin /
260 _aLima :
_c2010.
_bUnicef.
300 _a7 páginas ;
_c28 cm.
505 _aContenido :Intipa yachaynin ...
650 _aSol.
_9115
650 _aIdioma quechua.
_927790
942 _2ddc
_cLIBROS
945 _arum
_d2019-04-30